|
|
|
|
| LEADER |
00000cam a2200000 4500 |
| 001 |
vtls011738773 |
| 003 |
SK-MaSNL |
| 005 |
20260301044613.0 |
| 008 |
210624s2018 xo erh 000 fbslo |
| 015 |
|
|
|a SNBA2019/07
|
| 020 |
|
|
|a 9788055159416
|q (viazané)
|
| 035 |
|
|
|a urn:nbn:sk:snk-am00e946
|
| 035 |
|
|
|a urn:nbn:sk:snk-am3ig8g
|
| 035 |
|
|
|a 83450671-D451-469D-BE5D-1617FF845242
|
| 040 |
|
|
|a SNK
|b slo
|c SNK
|e rda
|
| 041 |
1 |
|
|a slo
|h cze
|
| 043 |
|
|
|a e-au---
|a e-hu---
|
| 044 |
|
|
|a xo
|c SK
|
| 072 |
|
7 |
|a 821.162.3
|x Česká literatúra
|2 konspekt
|
| 072 |
|
7 |
|a 929
|x Biografie
|2 konspekt
|
| 080 |
|
|
|a 929.731-055.2
|2 2011
|
| 080 |
|
|
|a (436)
|2 2011
|
| 080 |
|
|
|a (439.2)
|2 2011
|
| 080 |
|
|
|a (0:82-311.6)
|2 2011
|
| 080 |
|
|
|a (0:82-312.6)
|2 2011
|
| 080 |
|
|
|a 821.162.3-31
|2 2011
|
| 100 |
1 |
|
|a Zlatníková, Mirka,
|d 1965-
|4 aut
|9 351302
|
| 240 |
1 |
0 |
|a Marie Terezie - Miluj a panuj
|l Slovensky
|
| 245 |
1 |
0 |
|a Mária Terézia
|b miluj a panuj
|c Mirka Zlatníková ; preložili Ester Demjanová a Barbora Škovierová
|
| 264 |
|
1 |
|a Bratislava
|b Ikar
|c 2018
|
| 300 |
|
|
|a 302 strán
|c 21 cm
|
| 336 |
|
|
|a text
|b txt
|2 rdacontent
|
| 337 |
|
|
|a bez média
|b n
|2 rdamedia
|
| 338 |
|
|
|a zväzok
|b nc
|2 rdacarrier
|
| 500 |
|
|
|a Preložené z češtiny
|
| 500 |
|
|
|a Obsahuje biografické údaje o autorovi na prebale publikácie
|
| 600 |
0 |
7 |
|a Mária Terézia,
|c česká a uhorská kráľovna, cisárovná, manželka Františka Štefana I., rímskonemeckého cisára,
|d 1717-1780
|2 SNKMA
|9 124055
|
| 648 |
|
7 |
|a 18. storočie
|2 SNKPH
|9 287325
|
| 648 |
|
7 |
|a 18th century
|2 SNKPHeng
|9 305753
|
| 650 |
0 |
7 |
|a panovníčky
|2 SNKPH
|9 75499
|
| 650 |
0 |
7 |
|a Queens and empresses
|2 SNKPHeng
|9 305597
|
| 651 |
|
7 |
|a Rakúsko
|2 SNKPHgeo
|9 18533
|
| 651 |
|
7 |
|a Uhorsko
|2 SNKPHgeo
|9 28673
|
| 651 |
|
7 |
|a Austria
|2 SNKPHeng
|9 274392
|
| 651 |
|
7 |
|a Hungary
|2 SNKPHeng
|9 265263
|
| 655 |
|
7 |
|a české romány
|2 SNKPH
|9 70600
|
| 655 |
|
7 |
|a historické romány
|2 SNKPH
|9 70253
|
| 655 |
|
7 |
|a biografické romány
|2 SNKPH
|9 1532
|
| 655 |
|
7 |
|a Czech fiction
|2 SNKPHeng
|9 293641
|
| 655 |
|
7 |
|a Historical novels
|2 SNKPHeng
|9 276887
|
| 655 |
|
7 |
|a Biographical novels
|2 SNKPHeng
|9 278552
|
| 700 |
1 |
|
|a Demjanová, Ester,
|d 1992-
|4 trl
|9 165644
|
| 700 |
1 |
|
|a Škovierová, Barbora,
|d 1977-
|4 trl
|9 14263
|
| 919 |
|
|
|a 978-80-551-5941-6
|
| 958 |
|
|
|a LX
|
| 958 |
|
|
|a UP
|
| 958 |
|
|
|a BC
|
| 968 |
|
|
|b ČES
|
| 999 |
|
|
|c 596384
|d 598314
|
| 952 |
|
|
|a SNK
|b SNK
|y PREZ
|7 0
|p 17A1374659
|o snkSC 185068
|i snk2019/18619
|8 0
|0 0
|1 0
|4 0
|d 2019-07-12
|f 1
|l 0
|r 2026-02-23 15:39:42
|w 2026-02-23
|
| 952 |
|
|
|a SNK
|b SNK
|y PREZ
|7 0
|p 17A1374660
|o snkSC 185068 D1
|i snk2019/18620
|8 0
|0 0
|1 0
|4 0
|d 2019-07-12
|l 0
|r 2026-02-23 15:39:42
|w 2026-02-23
|